الوابل الصيب من الكلم الطيب / (رقم التسجيلة. 56504)

تفاصيل مارك
000 -LEADER
fixed length control field 00543nam a22001697a 4500
005 - DATE AND TIME OF LATEST TRANSACTION
control field 20251108171109.0
008 - FIXED-LENGTH DATA ELEMENTS--GENERAL INFORMATION
fixed length control field 250721s1982 xx 000 0 ara d
082 14 - DEWEY DECIMAL CLASSIFICATION NUMBER
Classification number 216.2/قيم
100 1# - MAIN ENTRY--PERSONAL NAME
Personal name إبن قيم الجوزيه، شمس الدين محمد بن أبي بكر
245 10 - TITLE STATEMENT
Title الوابل الصيب من الكلم الطيب /
264 1# - PRODUCTION, PUBLICATION, DISTRIBUTION, MANUFACTURE, AND COPYRIGHT NOTICE
Place of production, publication, distribution, manufacture بيروت :
Name of producer, publisher, distributor, manufacturer الكتب العلمية،
Date of production, publication, distribution, manufacture, or copyright notice 1982.
300 ## - PHYSICAL DESCRIPTION
Extent 139ص
650 17 - SUBJECT ADDED ENTRY--TOPICAL TERM
Topical term or geographic name as entry element الإسلام
650 17 - SUBJECT ADDED ENTRY--TOPICAL TERM
Topical term or geographic name as entry element الأوراد و الأذكار
942 ## - ADDED ENTRY ELEMENTS (KOHA)
Source of classification or shelving scheme Dewey Decimal Classification
Koha item type كتب
المقتنيات
حالة السحب حالة الفقدان مصدر التصنيف حالة التلف غير قابل للإعارة المكتبة الرئيسية المكتبة الحالية موقع الرف تاريخ التزويد الرقم المتسلسل Total Checkouts رقم الإستدعاء تاريخ آخر ظهور تاريخ الفاتورة نوع المادة (كوها) الباركود
    Dewey Decimal Classification Unchecked   مكتبة حمزة العامة مكتبة حمزة العامة الإعارة 06/07/2004 923   216.2/قيم 28/07/2025 06/07/2004 كتب  
    Dewey Decimal Classification     مكتبة صويلح العامة مكتبة صويلح العامة الإعارة 28/07/2025 647375   216.2/قيم 28/07/2025 28/07/2025 كتب 647375
Implemented & Customized by: BBB with SCIT (Smart Chains for Information Technology)

Powered by Koha